Obroda časopis slovenskej kultúrnosti

Bibliographic Details
Format: Journal
Language:Slovak
PhysicalDescription:1 zv. 23 cm
Published: Ružomberok Obroda 1943-1944
Subjects:

MARC

LEADER 00000cas a2200000 a 4500
001 vtls010300326
003 SK-MaSNL
005 20260228163024.0
008 150423d19431944xo mr|p 0 b0slo
040 |a SNK  |b slo  |c SNK  |e AACR2 
041 0 |a slo 
044 |a xo  |c SK 
072 7 |a 82  |x Literatúra. Literárny život  |2 konspekt 
072 7 |a 2  |x Náboženstvo  |2 konspekt 
072 7 |a 72/76  |x Výtvarné umenie  |2 konspekt 
072 7 |a 316.7  |x Sociológia kultúry. Kultúrny život  |2 konspekt 
080 |a 82  |2 2001 
080 |a 21/29-1/-9  |2 2001 
080 |a 72/76  |2 2001 
080 |a 316.7  |2 2001 
245 0 0 |a Obroda  |b časopis slovenskej kultúrnosti 
260 |a Ružomberok  |b Obroda  |c 1943-1944 
300 |a 1 zv.  |c 23 cm 
310 |a 1x mesačne 
362 0 |a Roč. I, č. 1 (sept. 1943)-č. 10 (1944) 
500 |a Red.: Ladislav Hanus 
500 |a Vyd.: Obroda, nakl. spol. s r. o. 
500 |a Tlač.: Lev 
650 0 7 |a literatúra  |2 SNKPH  |9 1427 
650 0 7 |a literárna veda  |2 SNKPH  |9 1137 
650 0 7 |a náboženstvo  |2 SNKPH  |9 2023 
650 0 7 |a umenie  |2 SNKPH  |9 1060 
650 0 7 |a kultúra  |2 SNKPH  |9 886 
655 7 |a vedecké časopisy  |2 SNKPH  |9 70520 
655 7 |a literárne časopisy  |2 SNKPH  |9 125450 
700 1 |a Hanus, Ladislav,  |d 1907-1994  |4 red  |9 86303 
910 |a snk 
916 |a 1943-1944 
958 |a OND 
999 |c 8748  |d 10678 
952 |0 0  |1 0  |4 0  |7 0  |a SNK  |b SNK  |d 2005-07-19  |i snkD 1202/61  |l 0  |o snkČSC 409/1/1943-1944 D1  |p 17A0478591  |r 2026-02-21 21:22:03  |t č. 1-10  |w 2026-02-21  |y PREZ 
952 |0 0  |1 0  |4 0  |7 0  |a SNK  |b SNK  |d 1999-02-17  |f 1  |i snk3285/44  |l 0  |o snkČSC 409/1/1943-1944  |p 17A0180072  |r 2005-01-02 00:00:00  |t č. 1-10  |w 2026-02-21  |y PREZ 
952 |0 0  |1 0  |4 0  |7 0  |a SNK  |b SNK  |d 2001-03-15  |l 0  |o snkČSC 409/1/1943-1944 D2  |p 17A0293058  |r 2005-01-02 00:00:00  |t č. 1-10  |w 2026-02-21  |y PREZ